Southville International School and Colleges
Your cart is empty.
  • Cart
  • Lists
    Public lists Eva Luna New books Lux_list list_1
    Your lists Log in to create your own lists
  • Log in to your account
  • Your cookies
  • Search history
Southville International School and Colleges
  • Advanced search
  • Recent comments
  • Most popular
  • Libraries

Log in to your account

Log in with GOOGLE


If you do not have an external account, but do have a local account, you can still log in:

  1. Home
  2. MARC view: New more friends and neighbors /
Normal view MARC view ISBD view

New more friends and neighbors / (Record no. 359510)

[ view plain ]
MARC details
000 -LEADER
fixed length control field 00722nam a2200253Ia 4500
008 - FIXED-LENGTH DATA ELEMENTS--GENERAL INFORMATION
fixed length control field 181129s9999 xx 000 0 und d
050 ## - LIBRARY OF CONGRESS CALL NUMBER
Item number G783 1956
100 ## - MAIN ENTRY--PERSONAL NAME
Personal name Gray, William S.
245 #0 - TITLE STATEMENT
Title New more friends and neighbors /
245 #0 - TITLE STATEMENT
Statement of responsibility, etc by William S. Gray, Marion Monroe, A. Sterl Artley and May Hill Arbuthnot.
260 ## - PUBLICATION, DISTRIBUTION, ETC. (IMPRINT)
Place of publication, distribution, etc Glenview, Illinois :
260 ## - PUBLICATION, DISTRIBUTION, ETC. (IMPRINT)
Name of publisher, distributor, etc Scott, Foresman and Company,
260 ## - PUBLICATION, DISTRIBUTION, ETC. (IMPRINT)
Date of publication, distribution, etc 1956
300 ## - PHYSICAL DESCRIPTION
Extent 240 pages :
300 ## - PHYSICAL DESCRIPTION
Other physical details illustrations ;
300 ## - PHYSICAL DESCRIPTION
Dimensions 20cm.
650 ## - SUBJECT ADDED ENTRY--TOPICAL TERM
Topical term or geographic name as entry element Readers (Primary) --
650 ## - SUBJECT ADDED ENTRY--TOPICAL TERM
Topical term or geographic name as entry element Readers (Primary).
650 ## - SUBJECT ADDED ENTRY--TOPICAL TERM
General subdivision 20th century.
700 ## - ADDED ENTRY--PERSONAL NAME
Personal name Arbuthnot, May Hill.
700 ## - ADDED ENTRY--PERSONAL NAME
Personal name Artley, A. Sterl.
700 ## - ADDED ENTRY--PERSONAL NAME
Personal name Monroe, Marion.
700 ## - ADDED ENTRY--PERSONAL NAME
Personal name Title.
Holdings
Withdrawn status Lost status Damaged status Home library Current library Shelving location Date acquired Total Checkouts Full call number Barcode Date last seen Price effective from Koha item type
      Stonyhurst Southville International School (Malarayat) Stonyhurst Southville International School (Malarayat)   11/29/2018   GS FIC G783 1956 SSISM5605 11/29/2018 11/29/2018 Books

New more friends and neighbors /

APA

Gray W. S., Arbuthnot M. H., Artley A. S., Monroe M. & Title.New more friends and neighbors. Glenview, Illinois: .

Chicago

Gray William S, Arbuthnot May Hill, Artley A Sterl, Monroe Marion and Title.New more friends and neighbors. Glenview, Illinois: .

Harvard

Gray W. S., Arbuthnot M. H., Artley A. S., Monroe M. and Title.New more friends and neighbors. Glenview, Illinois: .

MLA

Gray William S, Arbuthnot May Hill, Artley A Sterl, Monroe Marion and Title.Glenview, Illinois: . .

  • Place hold
  • Print
  • Cite
  • Add to your cart (remove)
  • Save record
    BIBTEX Dublin Core MARCXML MARC (non-Unicode/MARC-8) MARC (Unicode/UTF-8) MARC (Unicode/UTF-8, Standard) MODS (XML) RIS
  • More searches
    Search for this title in:
    Other Libraries (WorldCat) Other Databases (Google Scholar) Online Stores (Bookfinder.com) Open Library (openlibrary.org)

Exporting to Dublin Core...

SOUTHVILLE LIBRARY

Southville International School and Colleges Library

1281 Tropical Ave. Cor. Luxembourg St., BF Homes International, Las Pinas City

Tel. No. 8256374 / 252358 Loc. 117/146

Powered by Koha